UITU Library & LRC     

The Amazing Results of Positive Thinking (Record no. 18824)

MARC details
000 -LEADER
fixed length control field 00308nam a2200121Ia 4500
008 - FIXED-LENGTH DATA ELEMENTS--GENERAL INFORMATION
fixed length control field 241002s9999 xx 000 0 und d
082 ## - DEWEY DECIMAL CLASSIFICATION NUMBER
Classification number 153.43 PEL
100 ## - MAIN ENTRY--PERSONAL NAME
Personal name Peale, Norman Unicent
245 #4 - TITLE STATEMENT
Title The Amazing Results of Positive Thinking
260 ## - PUBLICATION, DISTRIBUTION, ETC.
Place of publication, distribution, etc. New York:
Date of publication, distribution, etc. 1965
600 ## - SUBJECT ADDED ENTRY--PERSONAL NAME
Personal name Philosophy
942 ## - ADDED ENTRY ELEMENTS (KOHA)
Koha item type Usman Collection
Holdings
Withdrawn status Lost status Source of classification or shelving scheme Damaged status Not for loan Home library Current library Date acquired Total checkouts Full call number Barcode Date last seen Price effective from Koha item type
    Dewey Decimal Classification     UITU Library UITU Library 01/01/1994   153.43 PEA UC497 10/02/2024 10/02/2024 Usman Collection

Powered by Koha